| 000 | 01135nam a2200349 a 4500 | ||
|---|---|---|---|
| 001 | 000108147 | ||
| 003 | CHAP | ||
| 005 | 20220329144000.0 | ||
| 008 | 131209s2008 mx ao |r| |||0|||spa d | ||
| 010 | _a104609 | ||
| 011 | _a105581 | ||
| 020 | _a9786072001039 | ||
| 040 | _cCHAP | ||
| 082 | 0 | 4 |
_a378.1981 _bC31 |
| 100 | 0 | 0 |
_aCarrión, Jorge. _919563 |
| 245 | 1 | 3 |
_aLa educación y el movimiento del 68 en México / _cpor Jorge Carrión, Marta Quesada y Oscar Alzaga. |
| 260 |
_aMéxico : _bUNAM, Instituto de Investigaciones Económicas, _c2008. |
||
| 300 |
_a274 p. : _bil., fotos. |
||
| 500 | _aincluye bibliografías | ||
| 590 |
_aE11695DGD _b10 _c20131210 _lUCH01 _h1043 |
||
| 590 |
_aE11695DGD _b10 _c20131210 _lUCH01 _h1045 |
||
| 590 |
_aE11695DGD _b10 _c20131210 _lUCH01 _h1045 |
||
| 590 |
_aE5652GLJ _b05 _c20131209 _lUCH01 _h1444 |
||
| 650 | 1 | 4 |
_aMovimientos estudiantiles. _979168 |
| 650 | 1 | 4 |
_aMovimientos sociales _xMéxico. _979173 |
| 700 | 0 |
_aMorales, Josefina _bcomp. _9175533 |
|
| 700 | 1 |
_aAlzaga, Oscar _bcomp. _9175534 |
|
| 700 | 1 |
_aQuesada, Marta _bcomp. _9175535 |
|
| 901 | _aBK | ||
| 942 | _cLIBRO | ||
| 942 | _n0 | ||
| 999 |
_c104609 _d104609 |
||